Importancia de la materia orgánica en la agricultura
Furkejuvvon:
| Materiálatiipa: | Girji |
|---|---|
| Giella: | espánnjágiella |
| Almmustuhtton: |
Bogotá
IICA
2009
|
| Preanttus: | 1a. ed |
| Fáttát: | |
| Fáddágilkorat: |
Lasit fáddágilkoriid
Eai fáddágilkorat, Lasit vuosttaš fáddágilkora!
|
MARC
| LEADER | 00000nam a2200000 a 4500 | ||
|---|---|---|---|
| 001 | UCG0487 | ||
| 003 | CL-VaPUC | ||
| 008 | 100325e20090000CK |||||||||||||||||spa|d | ||
| 020 | |a 9789589328880 | ||
| 082 | 0 | 4 | |a 630 |b IMP |2 21 |
| 245 | 1 | 0 | |a Importancia de la materia orgánica en la agricultura |
| 250 | |a 1a. ed | ||
| 300 | |a 35 p | ||
| 942 | |c BK | ||
| 945 | |d 20100325 00:00:00 |a cmena | ||
| 260 | |a Bogotá |b IICA |c 2009 | ||
| 650 | 0 | |a Agricultura |9 255598 | |
| 650 | 0 | |a Fertilización |9 259681 | |
| 650 | 0 | |a Materia orgánica |9 348286 | |
| 650 | 7 | |a COMPOST |2 CL-VaPUC |9 502086 | |
| 650 | 0 | |a Fertilidad del agua |9 264571 | |
| 583 | |a last modification |c 20121217 09:29:30 |k Rodrigo Vera | ||
| 999 | |c 340109 |d 340107 | ||
| 952 | |0 0 |1 0 |4 0 |6 630_000000000000000_IMP_2009 |7 0 |8 C |9 434621 |a BIBCUR |b BIBCUR |d 2019-11-22 |i 4655710 |o 630 IMP 2009 |p 4655710 |r 2025-04-22 |w 2019-11-22 |y BK |k CAC | ||